The Homology of Emotionality and Rationality (Part I)
The well-known dichotomy between emotionality and rationality can be traced back to Plato who noticed two ground principles - the one was the rational which he called logos and deemed male, and the other emotional and instinctual called eros, and deemed female. But failing to note an important disti...
| Main Author: | |
|---|---|
| Format: | Electronic Article |
| Language: | English |
| Check availability: | HBZ Gateway |
| Interlibrary Loan: | Interlibrary Loan for the Fachinformationsdienste (Specialized Information Services in Germany) |
| Published: |
2005
|
| In: |
Canadian Journal of Buddhist Studies
Year: 2005, Volume: 1, Pages: 5-30 |
| Online Access: |
Volltext (lizenzpflichtig) |
MARC
| LEADER | 00000caa a22000002c 4500 | ||
|---|---|---|---|
| 001 | 1838209654 | ||
| 003 | DE-627 | ||
| 005 | 20260219084200.0 | ||
| 007 | cr uuu---uuuuu | ||
| 008 | 230306s2005 xx |||||o 00| ||eng c | ||
| 035 | |a (DE-627)1838209654 | ||
| 035 | |a (DE-599)KXP1838209654 | ||
| 040 | |a DE-627 |b ger |c DE-627 |e rda | ||
| 041 | |a eng | ||
| 084 | |a 0 |2 ssgn | ||
| 100 | 1 | |e VerfasserIn |0 (DE-588)120439174 |0 (DE-627)08067450X |0 (DE-576)292218435 |4 aut |a Guenther, Herbert V. |d 1917-2006 | |
| 109 | |a Guenther, Herbert V. 1917-2006 |a Günther, Herbert 1917-2006 |a Guenther, Herbert 1917-2006 |a Guenther, H. V. 1917-2006 | ||
| 245 | 1 | 4 | |a The Homology of Emotionality and Rationality (Part I) |
| 264 | 1 | |c 2005 | |
| 336 | |a Text |b txt |2 rdacontent | ||
| 337 | |a Computermedien |b c |2 rdamedia | ||
| 338 | |a Online-Ressource |b cr |2 rdacarrier | ||
| 520 | |a The well-known dichotomy between emotionality and rationality can be traced back to Plato who noticed two ground principles - the one was the rational which he called logos and deemed male, and the other emotional and instinctual called eros, and deemed female. But failing to note an important distinction, he quite arbitrarily claimed the male to be good and the female evil. This misconception, reflecting his personal as well as the ancient Greeks’ general attitude of misogyny, was to have disastrous consequences for the evolving social, cultural and political institutions that became increasingly hostile and contemptuous of the female. From the Buddhist point of view, both emotionality and rationality are obscurations of the individual - obscurations of the omnipresent experiencer-quapractitioner’s original luminous being. Rationality obscures the lumen naturale by attempting to deal with the complex and the complicated nature of reality through introducing a separation between subject and object, dealing with both egologically and egocentrically, in the assumption that the model of the world so created is absolutely valid; what is not covered by the assumption is of no relevance. Emotionality obscures the lumen naturale by responding to the demands of the rational by either aiding or curtailing it. Both rationality and emotionality are biological phenomena: rationality becomes an intellectual obscuration and emotionality a kind of instinctual obscuration, and both are felt to be poisoning the whole atmosphere., Tibetan rdzogs-chen ‘ultimate completeness’ thinking starts from the idea of Being, which - as Martin Heidegger has shown - is not some thing, and is consequently not quantifiable. It views all objects of experience from the vantage point of the integral unity of wholeness that, in its lighting-up, unfolds its inner dynamic that operates spontaneously as a solo-movement, displaying itself and enhancing its performance and beauty., Basing himself on the sources pertaining to the emergence of rdzogschen thought, and elaborating the ideas of Padmasambhava, Vimalamitra and Arisingha (the Daoist Hva-shang Mahayana), the scholar-poet kLong-chen rab-byams-pa (1308-64) has given a most lucid interpretation of the homology of rationality and emotionality., , | ||
| 773 | 0 | 8 | |i Enthalten in |t Canadian Journal of Buddhist Studies |d Vancouver, British Columbia : Simon Fraser University, David See Chai Lam Centre for International Communication, 2005 |g 1(2005), Seite 5-30 |h Online-Ressource |w (DE-627)665429991 |w (DE-600)2620396-0 |w (DE-576)348217285 |x 1710-825X |7 nnas |
| 773 | 1 | 8 | |g volume:1 |g year:2005 |g pages:5-30 |
| 856 | 4 | 0 | |u https://thecjbs.org/archive-document-details/?id=172 |x Verlag |z lizenzpflichtig |3 Volltext |7 1 |
| 951 | |a AR | ||
| ELC | |a 1 | ||
| LOK | |0 000 xxxxxcx a22 zn 4500 | ||
| LOK | |0 001 4283635774 | ||
| LOK | |0 003 DE-627 | ||
| LOK | |0 004 1838209654 | ||
| LOK | |0 005 20230306101203 | ||
| LOK | |0 008 230306||||||||||||||||ger||||||| | ||
| LOK | |0 040 |a DE-Tue135 |c DE-627 |d DE-Tue135 | ||
| LOK | |0 092 |o n | ||
| LOK | |0 852 |a DE-Tue135 | ||
| LOK | |0 852 1 |9 00 | ||
| LOK | |0 935 |a ixzs |a ixzo |a rwrk | ||
| LOK | |0 939 |a 06-03-23 |b l01 | ||
| OAS | |a 1 |b inherited from superior work | ||
| ORI | |a TA-MARC-ixtheoa001.raw | ||
| REL | |a 1 | ||
| SUB | |a REL | ||



